000 02263nas1a22003371 4500
001 RU\NLR\INFOCOMM19\1000031446
005 20260212162228.0
035 _a(NLR Aleph) 002737191
090 _a2019460
_c2019460
100 _a20260215 rusy50
101 0 _arus
102 _aRU
110 _aayu||||0|y0
200 1 _aБюллетень Всесоюзного объединения "Востокосталь"
210 _aСвердловск
_d1927-1931
430 1 _1001rc\2873106
_12001#$aБюллетень Управления действующих заводов "Востокосталь"
_95959255
_a"Востокосталь", всесоюзное объединение (Свердловск)
_cСвердловск
_d1927-1930
_nВостокосталь
_tБюллетень Управления действующих заводов "Востокосталь"
517 1 _aБюллетень Уральского горно-металлургического треста
710 0 2 _a"Востокосталь", всесоюзное объединение
_cСвердловск
_9525881
_3RU\NLR\AUTH\8810013987
801 0 _aRU
_bNLR
_gPSBO
801 1 _aRU
_bInfoComm
_c20040128
852 _aNLR
_jП22/1137
942 _cUNSPEC
980 _aNB
980 _aRUSPER